Súčasné trendy v gastronomickej turistike vo vybraných krajinách Európskej únie bakalárska práca

Salvato in:
Dettagli Bibliografici
Autore principale: Sobotová, Martina
Ente Autore: Obchodná fakulta EU. Katedra tovaroznalectva a kvality tovaru
Altri autori: Jarossová, Malgorzata Agnieszka, 1978-
Natura: Libro
Lingua:slovacco
Pubblicazione: Bratislava 2018
Tags: Aggiungi Tag
Nessun Tag, puoi essere il primo ad aggiungerne!!

MARC

LEADER 00000nbm a2200000 4500
001 0245037
005 20180911145416.9
041 0 |a slo 
044 |a SK 
245 1 0 |a Súčasné trendy v gastronomickej turistike vo vybraných krajinách Európskej únie  |b bakalárska práca  |c Martina Sobotová ; školiteľ: Malgorzata Agnieszka Jarossová 
264 1 |a Bratislava  |c 2018 
300 |a 60 s. 
100 1 |a Sobotová, Martina 
700 1 |a Jarossová, Malgorzata Agnieszka, 1978- 
710 2 |a Obchodná fakulta EU. Katedra tovaroznalectva a kvality tovaru